000 01171nam a2200325 i 4500
001 14118
003 KOSZ 005
005 20200630132829.0
008 070713s1969 pl a f 000 0 pol
015 _aPB 1970/1383
035 _a(OCoLC)839011049
040 _aWA N
_cWA N
_dKOSZ 005/KK
041 0 _apol
_beng
_brus
080 _a65.01:003:800+51.01+389.1+78.0
100 1 _aWójcik, Tadeusz
_c(semiotyka)
_eAutor
245 1 0 _aPrakseosemiotyka :
_bzarys teorii optymalnego znaku /
_cTadeusz Wójcik.
260 _aWarszawa :
_bPaństwowe Wydawnictwo Naukowe,
_c1969.
300 _a288, [3] stron, 1 karta, tablice :
_bilustracje, errata ;
_c23 cm.
336 _2rdacontent
_aTekst
_btxt
337 _2rdamedia
_aBez urządzenia pośredniczącego
_bn
338 _2rdacarrier
_aWolumin
_bnc
380 _aKsiążki.
546 _aStreszczenie w języku angielskim, rosyjskim.
658 _aMatematyka
650 4 _aPrakseologia
650 4 _aJęzykoznawstwo
710 _aPaństwowe Wydawnictwo Naukowe
_4pbl.
856 _uhttp://koha.tu.koszalin.pl/cgi-bin/koha/opac-detail.pl?biblionumber=14118
_yKatalog online BPK
942 _2UKD
_cKS
999 _c14118
_d14118